Избранные произведения: в 2 т.; Т. 1: Рассказы. Повести. Очерки; Все мы хлеб едим; Бойцы; На Шихане; Говорок; "В худых душах..."; Золотая ночь; Башка; Поправка доктора Осокина; Первые студенты; Отрава; Не у дел; Переводчица на приисках

Dades bibliogràfiques
Autor principal: Мамин-Сибиряк Д. Н. Дмитрий Наркисович
Altres autors: Дудин А. Л. (иллюстратор)
Idioma:rus
Publicat: Москва, Художественная литература, 1988
TOC:Все мы хлеб едим; Бойцы; На Шихане; Говорок;
"В худых душах..."; Золотая ночь; Башка; Поправка доктора Осокина; Первые студенты; Отрава; Не у дел;
Переводчица на приисках;
Matèries:
Format: MixedMaterials Llibre
KOHA link:https://koha.lib.tpu.ru/cgi-bin/koha/opac-detail.pl?biblionumber=115596

MARC

LEADER 00000nam0a2200000 4500
001 115596
005 20231101215254.0
010 |a 5280008389 
010 |a 5-280-00839-7 
020 |a RU  |b 88-86891 
035 |a (RuTPU)RU\TPU\book\125020 
090 |a 115596 
100 |a 20070511g1988 m y0rusy5003 ca 
101 0 |a rus 
102 |a RU 
105 |a a z 000ay 
200 1 |a Избранные произведения  |e в 2 т.  |h Т. 1: Рассказы. Повести. Очерки  |f Д. Н. Мамин-Сибиряк  |g худож. А. Л. Дудин 
210 |a Москва  |c Художественная литература  |d 1988 
215 |d 25 см  |a 367 с.  |c ил., цв. ил. 
464 |t Все мы хлеб едим; Бойцы; На Шихане; Говорок  |o очерки 
464 |t "В худых душах..."; Золотая ночь; Башка; Поправка доктора Осокина; Первые студенты; Отрава; Не у дел  |o рассказы 
464 |t Переводчица на приисках  |o повесть 
610 1 |a русская литература 
610 1 |a рассказы 
610 1 |a повести 
610 1 |a очерки 
610 1 |a Урал 
610 1 |a Сибирь 
675 |a Р1  |z rus  |v 3 
700 1 |a Мамин-Сибиряк  |b Д. Н.  |c российский писатель  |f 1852-1912  |g Дмитрий Наркисович  |2 stltpush  |3 (RuTPU)RU\TPU\pers\15315  |9 5271 
702 1 |a Дудин  |b А. Л.  |4 440 
801 0 |a RU  |b RuMRKP  |c 19950417  |g psbo 
801 1 |a RU  |b 63413507  |c 20070511  |g PSBO 
801 2 |a RU  |b 63413507  |c 20150915  |g PSBO 
942 |c BK